000 00406nam a2200157Ia 4500
008 240729s9999 xx 000 0 und d
022 _a1613-396X
245 0 _aLinguistics
260 _aGermany
260 _bDe Gruyter
650 _a Philology. Linguistics
650 _aLanguage and Literature
856 _uhttps://doaj.org/toc/02eae8178bbe403cbc7bea29bf7d2e16
942 _2ddc
942 _cDOAJEJ
999 _c67554
_d67554
945 _a1
_bMadushi Gamage
_c1
_dMadushi Gamage